[Event "1.CLZ 24/25,Zikuda Turnov B-Ricany 1925"]
[Site "Turnov"]
[Date "2025.01.05"]
[Round "5.7"]
[White "Liska, Jiri"]
[Black "Ocelak, Jakub"]
[WhiteElo "2280"]
[BlackElo "2223"]
[Result "0-1"]
[PlyCount "114"]

1. e4 e6 2. d4 d5 3. Nd2 Be7 4. Ngf3 Nf6 5. Bd3 c5 6. e5 Nfd7 7. c3 b6 8. Qe2
a5 9. O-O Ba6 10. c4 Nc6 11. cxd5 Bxd3 12. Qxd3 exd5 13. dxc5 Nxc5 14. Qe2 O-O
15. Rd1 Qc8 16. Nb1 Qe6 17. Nc3 Rad8 18. Bf4 d4 19. Nb5 d3 20. Qe3 Qc4 21. Nc3
Nb4 22. Nd2 Qe6 23. Qg3 Qf5 24. Rac1 Rfe8 25. b3 Nc2 26. Nc4 Ne6 27. Be3 Ned4
28. Bxd4 Rxd4 29. Ne3 Nxe3 30. fxe3 Rdd8 31. e4 Bc5+ 32. Kh1 Qxe5 33. Rxd3 Qxg3
34. Rxg3 Rd2 35. Rf3 Re6 36. h3 Rg6 37. g3 h6 38. Rcf1 Bd6 39. g4 h5 40. R1f2
Rxf2 41. Rxf2 hxg4 42. hxg4 Rxg4 43. Re2 f6 44. Nd5 Bc5 45. Kh2 Kf7 46. a3 Bd6+
47. Kh1 Rh4+ 48. Kg2 Rh2+ 49. Kf1 Rxe2 50. Kxe2 Bc5 51. b4 axb4 52. axb4 Bg1
53. Kf3 Ke6 54. Kf4 Bd4 55. Kf3 g5 56. Ke2 Ke5 57. Kd3 f5 0-1

[Event "1.CLZ 24/25,Zikuda Turnov B-Ricany 1925"]
[Site "Turnov"]
[Date "2025.01.05"]
[Round "5.8"]
[White "Hlavina, Matous"]
[Black "Zima, Jan"]
[WhiteElo "2269"]
[BlackElo "2220"]
[Result "0-1"]
[PlyCount "92"]

1. e4 c5 2. Nf3 d6 3. d4 cxd4 4. Nxd4 Nf6 5. Nc3 a6 6. Be2 e6 7. a4 Be7 8. Be3
O-O 9. O-O Nc6 10. Qd2 Qc7 11. Rad1 Re8 12. f4 Bf8 13. Kh1 Na5 14. Qd3 d5 15.
Bf3 Qc4 16. Bc1 Bb4 17. Nde2 dxe4 18. Nxe4 Nd5 19. Qxc4 Nxc4 20. Rd3 b5 21. b3
Ncb6 22. c3 Be7 23. a5 Nd7 24. Rfd1 Ra7 25. Nd4 Rc7 26. Bd2 Bb7 27. h3 Rec8 28.
g3 g6 29. Kh2 e5 30. Ne2 f5 31. Nd6 e4 32. Nxc8 Rxc8 33. Rxd5 Bxd5 34. Be1 Nf6
35. Bg2 Bxb3 36. Rb1 Bc2 37. Rb2 Bd3 38. Nc1 Bc4 39. Bf2 Nd5 40. Bd4 Bd8 41.
Nb3 Bxb3 42. Rxb3 Bxa5 43. Ra3 Bxc3 44. Bxc3 Rxc3 45. Rxa6 Ne3 46. Ra8+ Kg7 0-1

[Event "1.CLZ 24/25,Chess club Pisek-Ricany 1925"]
[Site "Pisek"]
[Date "2025.01.19"]
[Round "6.1"]
[White "Miesbauer, Jan"]
[Black "Seidl, Jan"]
[WhiteElo "2382"]
[BlackElo "2272"]
[Result "1/2-1/2"]
[PlyCount "123"]

1. e4 c6 2. Nf3 d5 3. Nc3 Bg4 4. h3 Bxf3 5. Qxf3 e6 6. Be2 Bc5 7. Qg3 Bd4 8.
exd5 exd5 9. O-O Ne7 10. Bd1 Nd7 11. Ne2 Be5 12. Qf3 O-O 13. d4 Bf6 14. c3 Ng6
15. Bc2 Bg5 16. Ng3 Bxc1 17. Raxc1 Qg5 18. Qf5 Qxf5 19. Nxf5 Nf6 20. Rfe1 Rad8
21. a4 Rfe8 22. g3 Kf8 23. a5 Ne7 24. Ne3 Nc8 25. f3 Nd6 26. Bd3 g6 27. Kf2 h6
28. a6 b6 29. Nc2 c5 30. Re5 Nc8 31. Na3 Nd6 32. Rce1 Rc8 33. h4 h5 34. Nc2
Rcd8 35. Ne3 cxd4 36. cxd4 Nc4 37. Rxe8+ Nxe8 38. Bxc4 dxc4 39. Nxc4 Rxd4 40.
b3 Nc7 41. Rc1 Nxa6 42. Ra1 Nc5 43. Rxa7 Rd7 44. Rxd7 Nxd7 45. Ke3 Nc5 46. Nd2
Ke7 47. Kd4 f6 48. b4 Ne6+ 49. Kc4 Nc7 50. Nb3 Kd6 51. Nd4 Kd7 52. g4 Kd6 53.
gxh5 gxh5 54. Nf5+ Ke5 55. Ng7 b5+ 56. Kc5 Na6+ 57. Kxb5 Nxb4 58. Kxb4 Kf4 59.
Nxh5+ Kxf3 60. Ng3 Kg4 61. h5 Kg5 62. Ne4+ 1/2-1/2

[Event "1.CLZ 24/25,Chess club Pisek-Ricany 1925"]
[Site "Pisek"]
[Date "2025.01.19"]
[Round "6.2"]
[White "Trickov, Vasil"]
[Black "Stinka, Jakub"]
[WhiteElo "2310"]
[BlackElo "2362"]
[Result "1/2-1/2"]
[PlyCount "95"]

1. d4 Nf6 2. Nf3 g6 3. c4 Bg7 4. g3 d6 5. Nc3 O-O 6. Bg2 Nbd7 7. O-O e5 8. Qc2
Re8 9. Rd1 c6 10. e4 exd4 11. Nxd4 Ne5 12. b3 Bg4 13. f3 c5 14. fxg4 cxd4 15.
g5 Nfd7 16. Nd5 Nc5 17. Bf4 d3 18. Qd2 Ng4 19. Bf3 Bd4+ 20. Kg2 Nf2 21. Rf1
Nfxe4 22. Bxe4 Nxe4 23. Qxd3 Bxa1 24. Rxa1 Nxg5 25. Rf1 f5 26. Bc1 Ne4 27. Bb2
Qa5 28. b4 Qxa2 29. Qd4 Re5 30. Nf4 Rc8 31. c5 b6 32. Ra1 Qb3 33. Nd3 bxc5 34.
bxc5 Qd5 35. Nxe5 Qxd4 36. Bxd4 dxe5 37. Bxe5 Rxc5 38. Bd4 Rc2+ 39. Kh1 Nd2 40.
Bxa7 Nf3 41. Bg1 g5 42. h3 h5 43. Ra5 g4 44. Rxf5 Rc1 45. Kg2 Rxg1+ 46. Kf2
gxh3 47. Rxh5 h2 48. Rxh2 1/2-1/2

[Event "1.CLZ 24/25,Chess club Pisek-Ricany 1925"]
[Site "Pisek"]
[Date "2025.01.19"]
[Round "6.3"]
[White "Civin, Tomas"]
[Black "Lajbl, Jan"]
[WhiteElo "2372"]
[BlackElo "2210"]
[Result "1/2-1/2"]
[PlyCount "36"]

1. d4 d5 2. c4 e6 3. Nf3 Nf6 4. g3 Be7 5. Bg2 O-O 6. O-O dxc4 7. Na3 Bxa3 8.
bxa3 b5 9. Rb1 a6 10. a4 Bb7 11. axb5 axb5 12. a4 Rxa4 13. Rxb5 Ra7 14. Qc2
Nbd7 15. Qxc4 Ba6 16. Qa2 Bxb5 17. Qxa7 Bxe2 18. Re1 Bxf3 1/2-1/2

[Event "1.CLZ 24/25,Chess club Pisek-Ricany 1925"]
[Site "Pisek"]
[Date "2025.01.19"]
[Round "6.4"]
[White "Ocelak, Jakub"]
[Black "Hak, David"]
[WhiteElo "2223"]
[BlackElo "2302"]
[Result "1/2-1/2"]
[PlyCount "123"]

1. e4 c5 2. Nf3 Nc6 3. Bb5 g6 4. Bxc6 dxc6 5. d3 Bg7 6. h3 Nf6 7. Nc3 Nd7 8.
Be3 e5 9. Qd2 h6 10. O-O b6 11. Nh2 Nf8 12. f4 exf4 13. Bxf4 Ne6 14. Be3 Nd4
15. Rae1 Be6 16. b3 Qc7 17. Ne2 g5 18. Nf3 Nxf3+ 19. Rxf3 Be5 20. Ref1 Qd6 21.
Bf2 g4 22. hxg4 h5 23. g5 h4 24. Be3 h3 25. g3 Bg4 26. Rxf7 h2+ 27. Kh1 Bh3 28.
R1f2 Bxg3 29. Bf4 Bxf2 30. Bxd6 Bg2+ 31. Kxg2 h1=Q+ 32. Kxf2 Rh2+ 33. Bxh2
Qxh2+ 34. Ke3 Kxf7 35. Qc3 Qh3+ 36. Kd2 Qh8 37. e5 Re8 38. Qc4+ Kg7 39. Qe4 Qh2
40. Qxc6 Rxe5 41. Qf6+ Kg8 42. Qg6+ Kf8 43. Qh6+ Qxh6 44. gxh6 Rh5 45. d4 cxd4
46. Nxd4 Rxh6 47. Kc3 Ke8 48. a4 Kd7 49. Kc4 Rh4 50. c3 Kd6 51. Kb5 Rh5+ 52.
Ka6 Kc7 53. b4 b5 54. axb5 Rh1 55. Nb3 Kb8 56. Na5 Ka8 57. c4 Rb1 58. Nc6 Ra1+
59. Na5 Ra4 60. c5 Rxb4 61. b6 Rxb6+ 62. cxb6 1/2-1/2

[Event "1.CLZ 24/25,Chess club Pisek-Ricany 1925"]
[Site "Pisek"]
[Date "2025.01.19"]
[Round "6.5"]
[White "Havlik, Jan"]
[Black "Le, Anh"]
[WhiteElo "2345"]
[BlackElo "2219"]
[Result "1-0"]
[PlyCount "59"]

1. e4 c5 2. Nf3 e6 3. d4 cxd4 4. Nxd4 Nc6 5. Nc3 a6 6. Be2 Qc7 7. O-O Nf6 8.
Be3 Be7 9. Kh1 O-O 10. f4 d6 11. Qe1 Nxd4 12. Bxd4 b5 13. Qg3 Bb7 14. a3 g6 15.
f5 e5 16. Be3 d5 17. Nxd5 Nxd5 18. exd5 Bxd5 19. f6 Bc5 20. b4 Bd6 21. Qg5 Rfd8
22. h4 Bf8 23. h5 Qxc2 24. Rf2 Qb2 25. Raf1 Rac8 26. hxg6 hxg6 27. Bd3 Qb3 28.
Bxg6 fxg6 29. Qxg6+ Kh8 30. f7 1-0

[Event "1.CLZ 24/25,Chess club Pisek-Ricany 1925"]
[Site "Pisek"]
[Date "2025.01.19"]
[Round "6.6"]
[White "Hlavina, Matous"]
[Black "Mametev, Artem"]
[WhiteElo "2269"]
[BlackElo "2155"]
[Result "1/2-1/2"]
[PlyCount "163"]

1. e4 c5 2. Nf3 d6 3. d4 cxd4 4. Nxd4 Nf6 5. Nc3 a6 6. Be2 e5 7. Nb3 Be7 8. Bg5
Be6 9. Bxf6 Bxf6 10. O-O O-O 11. Nd5 Bg5 12. c3 Nc6 13. Bf3 Ne7 14. Nxe7+ Qxe7
15. Qd3 a5 16. Rfd1 a4 17. Nd2 Qc7 18. Nf1 Ra6 19. Ne3 Bxe3 20. Qxe3 Rc8 21. a3
Qc5 22. Qg5 h6 23. Qe7 Rb6 24. Rd2 Qc7 25. Qh4 Rb3 26. Rad1 Qb6 27. Rxd6 Qb5
28. Qe7 Re8 29. Qxe8+ Qxe8 30. Rd8 Kf8 31. Rxe8+ Kxe8 32. Rd2 Rb6 33. Bd1 Bb3
34. Be2 Ke7 35. f3 Rd6 36. Rxd6 Kxd6 37. Kf2 Kc5 38. Ke3 Bc4 39. Bd1 b5 40. g3
g5 41. f4 f6 42. fxg5 fxg5 43. Kd2 Bf7 44. Kc1 Kc4 45. Kc2 Bg6 46. Bf3 Bf7 47.
Bg4 Bg8 48. Bd7 Bf7 49. Kd2 Bg6 50. Be6+ Kc5 51. Bd5 Be8 52. Kd3 Bh5 53. b4+
axb3 54. Bxb3 Bg4 55. Bd5 Bh3 56. Ke3 Bf1 57. Bb3 Bc4 58. Bc2 Be6 59. Bd3 Bc4
60. Kd2 Be6 61. Bc2 Bf7 62. Bd3 Bc4 63. Kc2 Kb6 64. Kd2 Kc5 65. Bb1 Be6 66. Kc2
Bf7 67. Kb2 Bc4 68. Bc2 Kb6 69. Bb3 Ka5 70. h4 gxh4 71. gxh4 Bd3 72. Bd5 Bc4
73. Bc6 Bd3 74. Kb3 Bc4+ 75. Kc2 Ka4 76. Kb2 Ka5 77. Bd5 Kb6 78. Bxc4 bxc4 79.
a4 Ka5 80. Ka3 h5 81. Kb2 Kxa4 82. Ka2 1/2-1/2

[Event "1.CLZ 24/25,Chess club Pisek-Ricany 1925"]
[Site "Pisek"]
[Date "2025.01.19"]
[Round "6.7"]
[White "Janous, Marek"]
[Black "Starek, Stanislav"]
[WhiteElo "2214"]
[BlackElo "2182"]
[Result "0-1"]
[PlyCount "174"]

1. e4 c5 2. Nf3 Nc6 3. d4 cxd4 4. Nxd4 Nf6 5. Nc3 g6 6. Be3 Bg7 7. Bc4 Qa5 8.
O-O O-O 9. Bb3 d6 10. h3 Bd7 11. f4 Rac8 12. Nf3 Nh5 13. e5 Ng3 14. Re1 Nf5 15.
Bf2 h5 16. Ng5 Be8 17. g4 hxg4 18. hxg4 Nh6 19. Qd3 e6 20. exd6 Nxg4 21. Qh3
Nh6 22. Rad1 Bd7 23. Nce4 Qd8 24. Nc5 b6 25. Nxd7 Qxd7 26. Nxf7 Nxf7 27. Bxe6
Qb7 28. Bxc8 Rxc8 29. d7 Rf8 30. Re8 Ncd8 31. Bh4 Qc6 32. Qg2 Qc5+ 33. Qf2 Qh5
34. Rd2 g5 35. fxg5 Nxg5 36. Rxf8+ Bxf8 37. Qg3 Be7 38. Rd5 Qxh4 39. Qxh4 Nf3+
40. Kf2 Nxh4 41. a4 Kf7 42. a5 Ke6 43. c4 Ng6 44. axb6 axb6 45. Ke3 Bc5+ 46.
Kd2 Ne7 47. Rd3 Nec6 48. Kc3 Be7 49. Rd1 Bf6+ 50. Kc2 Nd4+ 51. Kd3 N4c6 52. Kc2
Nb7 53. b4 Nxb4+ 54. Kb3 Nc6 55. Ka4 Nd4 56. d8=Q Nxd8 57. Rb1 N8c6 58. Rxb6
Kd6 59. Rb1 Kc5 60. Rf1 Bg5 61. Rg1 Bd8 62. Rg8 Bc7 63. Rg7 Bf4 64. Rg4 Bd6 65.
Rg6 Nf5 66. Rxd6 Nxd6 67. Kb3 Nb4 68. Kc3 Ne4+ 69. Kb3 Nc6 70. Kc2 Kd4 71. c5
Kc4 72. Kb2 Kd3 73. Kb3 Nd2+ 74. Kb2 Nf3 75. Kc1 Nfd4 76. Kd1 Nc2 77. Kc1 Ne3
78. Kb2 Kc4 79. Ka3 Nd1 80. Ka4 Nb2+ 81. Ka3 Kc3 82. Ka2 Nc4 83. Kb1 Kd2 84.
Ka2 Kc2 85. Ka1 Nb4 86. c6 Nd2 87. c7 Nb3# 0-1

[Event "1.CLZ 24/25,Chess club Pisek-Ricany 1925"]
[Site "Pisek"]
[Date "2025.01.19"]
[Round "6.8"]
[White "Bezdek, Tomas"]
[Black "Novotny, Michal"]
[WhiteElo "2246"]
[BlackElo "2209"]
[Result "0-1"]
[PlyCount "104"]

1. d4 Nf6 2. c4 g6 3. g3 c6 4. Nc3 d5 5. cxd5 cxd5 6. Bg2 Bg7 7. Nf3 O-O 8. O-O
Nc6 9. Bf4 Ne4 10. Rc1 Be6 11. Qd3 Qa5 12. a3 Nxc3 13. Rxc3 Bf5 14. Qd1 Be4 15.
e3 f6 16. b4 Qb6 17. Ne1 Bxg2 18. Kxg2 g5 19. b5 Qxb5 20. Bc7 Rac8 21. Rb3 Qa6
22. Nd3 Rxc7 23. Nc5 Qc4 24. Qd2 Nxd4 25. Rc3 Nb3 26. Qc2 Rxc5 27. Rxc4 dxc4
28. Rd1 f5 29. Rd7 Na5 30. Rxe7 Rd8 31. g4 c3 32. gxf5 Bf6 33. Qe4 Rc6 34. Re6
Rxe6 35. fxe6 Nc6 36. Qf5 Kg7 37. h4 Ne7 38. Qe4 gxh4 39. Qg4+ Kh8 40. Qf4 Bg7
41. Qa4 Rc8 42. Qc2 Rc6 43. Kh3 Ng6 44. e4 Rxe6 45. Kg4 Be5 46. Qd3 Rd6 47. Qb1
Rc6 48. Qc2 Kg7 49. f3 b5 50. Qd1 Rc7 51. Qc2 a5 52. Kh3 b4 0-1

[Event "1.CLZ 24/25,Spartak Vlasim-Zikuda Turnov B"]
[Site "Vlasim"]
[Date "2025.01.19"]
[Round "6.1"]
[White "Mladek, Richard"]
[Black "Haba, Petr"]
[WhiteElo "2384"]
[BlackElo "2429"]
[Result "0-1"]
[PlyCount "112"]

1. Nf3 d5 2. g3 Nf6 3. Bg2 e6 4. O-O Be7 5. c4 O-O 6. d4 dxc4 7. Qc2 a6 8. Rd1
b5 9. Ne5 Nd5 10. b3 cxb3 11. axb3 Bb7 12. Ba3 Bxa3 13. Nxa3 Nb4 14. Qc5 Nd5
15. Rac1 Nd7 16. Nxd7 Qxd7 17. e4 Nf6 18. d5 Rfc8 19. Nc2 Qe8 20. Nb4 exd5 21.
exd5 Qd7 22. Nc6 Bxc6 23. dxc6 Qe6 24. Rd3 Rd8 25. Re3 Qd6 26. Qxd6 Rxd6 27.
Re7 Ra7 28. Rce1 h5 29. h3 Kf8 30. g4 hxg4 31. hxg4 Rd1 32. Rxd1 Kxe7 33. g5
Ne8 34. Rd7+ Kf8 35. Bd5 Nd6 36. f4 g6 37. Kf2 a5 38. Ke3 a4 39. b4 Nf5+ 40.
Kd3 Ne7 41. Kc2 Ra6 42. Kb2 Nxd5 43. Rxd5 Rxc6 44. f5 Ke7 45. fxg6 fxg6 46.
Rxb5 Rb6 47. Rc5 Rxb4+ 48. Ka3 Rg4 49. Rxc7+ Kd6 50. Ra7 Ke5 51. Ra5+ Kf4 52.
Kxa4 Rxg5 53. Ra6 Rg1 54. Kb3 g5 55. Kc3 Rd1 56. Kc2 Rd5 0-1

[Event "1.CLZ 24/25,Spartak Vlasim-Zikuda Turnov B"]
[Site "Vlasim"]
[Date "2025.01.19"]
[Round "6.2"]
[White "Cech, Pavel"]
[Black "Vojta, Jakub"]
[WhiteElo "2322"]
[BlackElo "2269"]
[Result "1-0"]
[PlyCount "81"]

1. d4 Nf6 2. Bg5 e6 3. e4 h6 4. Bxf6 Qxf6 5. Nc3 d6 6. Qd2 g6 7. f4 Bg7 8. e5
Qe7 9. Nf3 Bd7 10. O-O-O d5 11. Kb1 h5 12. g3 a6 13. Bg2 b5 14. h3 b4 15. Ne2
a5 16. g4 h4 17. f5 exf5 18. Nf4 Be6 19. gxf5 gxf5 20. Ng5 Bh6 21. Bxd5 c6 22.
Bxe6 Qxg5 23. Bxf7+ Kxf7 24. Qd3 Ke7 25. Rdf1 Rg8 26. d5 Nd7 27. d6+ Ke8 28. e6
Ne5 29. Qe3 Qf6 30. d7+ Ke7 31. Qc5+ Kd8 32. Qb6+ Ke7 33. Qc5+ Kd8 34. Rhg1 Rg3
35. Qb6+ Ke7 36. Qc5+ Kd8 37. Rxg3 hxg3 38. Qb6+ Ke7 39. Qc5+ Kd8 40. Rd1 Qxe6
41. Nxe6# 1-0

[Event "1.CLZ 24/25,Spartak Vlasim-Zikuda Turnov B"]
[Site "Vlasim"]
[Date "2025.01.19"]
[Round "6.3"]
[White "Mejzlik, Ondrej"]
[Black "Vitak, Jiri"]
[WhiteElo "2249"]
[BlackElo "2266"]
[Result "0-1"]
[PlyCount "80"]

1. c4 e5 2. g3 Nc6 3. Bg2 Bc5 4. e3 d6 5. Ne2 a6 6. O-O Ba7 7. Nbc3 h5 8. h3 h4
9. g4 f5 10. f3 Bd7 11. Kh1 Nf6 12. d4 g6 13. Nd5 b5 14. b3 bxc4 15. bxc4 Rb8
16. dxe5 Nxe5 17. e4 Nxd5 18. cxd5 fxg4 19. fxg4 Qe7 20. Nd4 Nxg4 21. hxg4 h3
22. Bf3 Qe5 23. Be3 Rb2 24. Rf2 Rxf2 25. Bxf2 O-O 26. Nc6 Bxc6 27. Bxa7 Ba4 28.
Qd4 Qg3 29. Rg1 Qxf3+ 30. Kh2 Bb5 31. Qe3 Qxe3 32. Bxe3 Bf1 33. Bh6 Rf7 34. Bg5
Kf8 35. Rg3 Rf2+ 36. Kg1 h2+ 37. Kh1 Be2 38. Bd8 Bf3+ 39. Rxf3+ Rxf3 40. Bxc7
Ke7 0-1

[Event "1.CLZ 24/25,Spartak Vlasim-Zikuda Turnov B"]
[Site "Vlasim"]
[Date "2025.01.19"]
[Round "6.4"]
[White "Liska, Jiri"]
[Black "Vorisek, Jakub"]
[WhiteElo "2280"]
[BlackElo "2119"]
[Result "1/2-1/2"]
[PlyCount "88"]

1. e4 e6 2. d4 d5 3. Nd2 a6 4. Ngf3 c5 5. exd5 exd5 6. dxc5 Bxc5 7. Nb3 Bb6 8.
Bg5 f6 9. Bf4 Nc6 10. h3 Bf5 11. Be2 Nge7 12. O-O O-O 13. c3 Qd7 14. Nfd4 Bg6
15. Bg4 f5 16. Bf3 Bf7 17. Re1 Ng6 18. Qd2 Rae8 19. Nxc6 bxc6 20. Be3 Bxe3 21.
Rxe3 Ne5 22. Qd4 Qd6 23. Nc5 f4 24. Rxe5 Rxe5 25. Nd7 Rfe8 26. Nxe5 Rxe5 27.
Rd1 c5 28. Qa4 g5 29. Kf1 Kg7 30. Be2 Re7 31. Bf3 h5 32. Qc2 Qd7 33. Qd3 Re5
34. Re1 Rxe1+ 35. Kxe1 g4 36. hxg4 hxg4 37. Be2 Qe6 38. Kd2 d4 39. b3 g3 40.
fxg3 Qe3+ 41. Qxe3 fxe3+ 42. Kd3 Bg6+ 43. Kc4 Bf7+ 44. Kd3 Bg6+ 1/2-1/2

[Event "1.CLZ 24/25,Spartak Vlasim-Zikuda Turnov B"]
[Site "Vlasim"]
[Date "2025.01.19"]
[Round "6.5"]
[White "Dudek, Vojtech"]
[Black "Zima, Jan"]
[WhiteElo "2150"]
[BlackElo "2220"]
[Result "1/2-1/2"]
[PlyCount "78"]

1. Nf3 Nf6 2. b3 g6 3. Bb2 Bg7 4. e3 O-O 5. Be2 d5 6. c4 dxc4 7. bxc4 c5 8. O-O
b6 9. d3 Nc6 10. Nc3 Bb7 11. a3 Qd7 12. Qc2 Rac8 13. Rfd1 Rfd8 14. Rac1 Qc7 15.
Qb1 Qb8 16. Qa2 Ne5 17. Nxe5 Qxe5 18. Nd5 Qd6 19. Nxf6+ Bxf6 20. a4 Bc6 21.
Bxf6 Qxf6 22. a5 Qg5 23. Bf1 Rb8 24. axb6 axb6 25. Qb2 h5 26. f4 Qf5 27. Qf2 e5
28. g3 exf4 29. Qxf4 Qe6 30. d4 Be4 31. d5 Qe8 32. Bg2 Bxg2 33. Kxg2 f5 34. Kf3
b5 35. cxb5 Rxb5 36. Rc4 Rd7 37. d6 Qe6 38. Ra4 Kh7 39. Qc4 Qxc4 1/2-1/2

[Event "1.CLZ 24/25,Spartak Vlasim-Zikuda Turnov B"]
[Site "Vlasim"]
[Date "2025.01.19"]
[Round "6.6"]
[White "Sykora, Marek"]
[Black "Vojta, Tomas"]
[WhiteElo "2212"]
[BlackElo "2331"]
[Result "0-1"]
[PlyCount "98"]

1. e4 d5 2. exd5 Qxd5 3. Nf3 Bg4 4. Be2 Nc6 5. Nc3 Qd7 6. h3 Bh5 7. d3 e6 8.
Be3 Nf6 9. O-O Be7 10. Ne4 Nd5 11. Bd2 Bg6 12. c3 f5 13. Ng3 e5 14. Re1 O-O 15.
Bf1 Bf6 16. c4 Nb6 17. Bc3 Rae8 18. Qd2 Na4 19. Rad1 Nxc3 20. bxc3 Kh8 21. Qb2
Qc8 22. c5 h6 23. d4 e4 24. Nd2 Bh4 25. Nh1 f4 26. g3 fxg3 27. fxg3 Bg5 28. Nc4
h5 29. h4 Bh6 30. Bg2 e3 31. Qe2 Bf5 32. Bf3 Bg4 33. Bxg4 hxg4 34. d5 Ne5 35.
Nxe5 Rxe5 36. Rd4 Qd7 37. Qxg4 Qxg4 38. Rxg4 Rxd5 39. Rd4 Rxc5 40. g4 Bf4 41.
c4 Be5 42. Re4 Rf4 43. Rxf4 Bxf4 44. Kg2 Rxc4 45. Kf3 Kg8 46. Rd1 Bd6 47. h5
Rf4+ 48. Kxe3 Rxg4 49. Nf2 Ra4 0-1

[Event "1.CLZ 24/25,Spartak Vlasim-Zikuda Turnov B"]
[Site "Vlasim"]
[Date "2025.01.19"]
[Round "6.7"]
[White "Stein, Michael"]
[Black "Vltavsky, Vladimir"]
[WhiteElo "1941"]
[BlackElo "2099"]
[Result "1/2-1/2"]
[PlyCount "99"]

1. e4 d6 2. d4 Nf6 3. Nc3 e5 4. Nf3 Nbd7 5. Bc4 Be7 6. O-O O-O 7. h3 c6 8. Be3
b5 9. Bd3 a6 10. Ne2 c5 11. dxe5 dxe5 12. c3 Qc7 13. Ng3 Rd8 14. Qe2 Bb7 15.
Rfd1 Bf8 16. Rac1 c4 17. Bb1 Nc5 18. Bxc5 Bxc5 19. Rxd8+ Rxd8 20. Rd1 Re8 21.
Nh4 g6 22. Qd2 Be7 23. Nf3 Bc6 24. Qe2 Bc5 25. Bc2 Qb7 26. Nh2 h5 27. Nf3 Nh7
28. Qd2 Qe7 29. Qh6 Qf6 30. Ne2 Nf8 31. Qg5 Qxg5 32. Nxg5 f6 33. Nf3 Kf7 34.
Kf1 Ke7 35. Nh4 Rb8 36. b4 cxb3 37. axb3 a5 38. Ra1 a4 39. b4 Bd6 40. g3 Bd7
41. Kg2 Be6 42. Bd3 Bd7 43. Nf3 Bc6 44. Ne1 Ne6 45. Nc2 f5 46. f3 fxe4 47. Bxe4
Bxe4 48. fxe4 Ng5 49. c4 bxc4 50. Nc3 1/2-1/2

[Event "1.CLZ 24/25,Spartak Vlasim-Zikuda Turnov B"]
[Site "Vlasim"]
[Date "2025.01.19"]
[Round "6.8"]
[White "Marsalek, Zdenek"]
[Black "Hradecky, Ivo"]
[WhiteElo "2160"]
[BlackElo "2016"]
[Result "1-0"]
[PlyCount "57"]

1. d4 d5 2. Nf3 c6 3. g3 e6 4. Bg2 Nf6 5. O-O Be7 6. c4 O-O 7. Nbd2 Nbd7 8. Qc2
b6 9. Rd1 Bb7 10. b3 Rc8 11. Bb2 c5 12. e3 Qc7 13. Rac1 Qb8 14. Qb1 Rfe8 15.
Qa1 Bf8 16. dxc5 bxc5 17. Ne5 Qd6 18. Rc2 Nxe5 19. Bxe5 Qe7 20. Bxf6 gxf6 21.
cxd5 exd5 22. Nb1 Rcd8 23. Rcd2 d4 24. Bxb7 Qxb7 25. exd4 Bh6 26. Rd3 Rxd4 27.
Rxd4 cxd4 28. Qxd4 Re2 29. Qg4+ 1-0

[Event "1.CLZ 24/25,Lysa nad Labem B-TJ Pankrac"]
[Site "Lysa nad Labem"]
[Date "2025.01.19"]
[Round "6.1"]
[White "Kraus, Tomas"]
[Black "Jirovsky, Milos"]
[WhiteElo "2444"]
[BlackElo "2415"]
[Result "1/2-1/2"]
[PlyCount "32"]

1. e4 e6 2. d4 d5 3. Nc3 dxe4 4. Nxe4 Bd7 5. Bd3 Bc6 6. Nf3 Nd7 7. O-O Ngf6 8.
Nc3 Bd6 9. Re1 Bxf3 10. Qxf3 c6 11. Be3 Qc7 12. g3 O-O 13. Rad1 Rfe8 14. Ne4
Nxe4 15. Qxe4 g6 16. c3 Qa5 1/2-1/2

[Event "1.CLZ 24/25,Lysa nad Labem B-TJ Pankrac"]
[Site "Lysa nad Labem"]
[Date "2025.01.19"]
[Round "6.2"]
[White "Eret, Matous"]
[Black "Vykouk, Jan"]
[WhiteElo "2309"]
[BlackElo "2470"]
[Result "1/2-1/2"]
[PlyCount "126"]

1. c4 Nf6 2. Nf3 e6 3. g3 d5 4. Bg2 Be7 5. O-O O-O 6. b3 d4 7. Bb2 c5 8. b4 Qb6
9. b5 a6 10. a4 Qc7 11. d3 e5 12. Nbd2 h6 13. e4 Be6 14. Nb3 Nbd7 15. Nh4 axb5
16. axb5 Rxa1 17. Qxa1 Nb6 18. Qc1 Ra8 19. h3 Qc8 20. Kh2 Ra2 21. Qc2 g5 22.
Nf3 g4 23. hxg4 Nxg4+ 24. Kg1 Na4 25. Rb1 Qa8 26. Nc1 Rxb2 27. Rxb2 Nxb2 28.
Qxb2 Qa4 29. Nb3 Qb4 30. Qa2 Qc3 31. Bf1 b6 32. Nbd2 Kg7 33. Qa7 Bg5 34. Qa2
Qc1 35. Nxg5 hxg5 36. Nf3 f6 37. Qd2 Qb1 38. Kg2 Kg6 39. Be2 Nh6 40. Nh2 g4 41.
Qd1 Qxd1 42. Bxd1 f5 43. f3 Kg5 44. Be2 gxf3+ 45. Bxf3 Nf7 46. Nf1 fxe4 47.
Bxe4 Nd6 48. Nd2 Bg4 49. Kf2 Kf6 50. Kg2 Kg7 51. Kf2 Kf6 52. Kg2 Kf7 53. Bd5+
Ke7 54. Ne4 Nf5 55. Nf2 Be2 56. Be4 Kf6 57. g4 Nd6 58. Bd5 Ke7 59. Kg3 e4 60.
Nxe4 Bxd3 61. Nd2 Ne8 62. Kf4 Nf6 63. Bf3 Nd7 1/2-1/2

[Event "1.CLZ 24/25,Lysa nad Labem B-TJ Pankrac"]
[Site "Lysa nad Labem"]
[Date "2025.01.19"]
[Round "6.3"]
[White "Pulpan, Jakub"]
[Black "Dolezal, Radoslav"]
[WhiteElo "2407"]
[BlackElo "2332"]
[Result "1/2-1/2"]
[PlyCount "114"]

1. e4 e5 2. Nf3 Nc6 3. Bc4 Nf6 4. d3 Be7 5. O-O O-O 6. Re1 d6 7. a4 Be6 8. Nbd2
Re8 9. c3 Bf8 10. Bxe6 Rxe6 11. d4 Re8 12. d5 Nb8 13. a5 a6 14. b4 Nbd7 15. c4
g6 16. Nb3 h6 17. Bd2 Kh7 18. Rc1 Rc8 19. b5 Ra8 20. Qe2 Qc8 21. Ra1 Be7 22. h3
Ng8 23. Ra2 Rf8 24. Bc3 f6 25. Rc1 Rf7 26. Bb4 Qf8 27. Rac2 Nc5 28. Nxc5 dxc5
29. Bc3 Bd6 30. Rb2 Qc8 31. Rcb1 h5 32. Ne1 Nh6 33. Nd3 Qf8 34. b6 Rc8 35. bxc7
Rcxc7 36. Rb6 Rfd7 37. f4 exf4 38. e5 fxe5 39. Nxe5 Qe8 40. Qe4 Bxe5 41. Qxe5
Re7 42. Qxf4 Rcd7 43. Qf2 Nf5 44. Qxc5 Re3 45. Re6 Rxe6 46. dxe6 Qxe6 47. Re1
Qd6 48. Qc8 Ng7 49. Be5 Qd2 50. Bg3 Rf7 51. Qc5 Qc3 52. Kh2 Nf5 53. Bf2 Qd2 54.
Rb1 Qf4+ 55. Kg1 Ng3 56. Bxg3 Qxg3 57. Qd5 Qc7 1/2-1/2

[Event "1.CLZ 24/25,Lysa nad Labem B-TJ Pankrac"]
[Site "Lysa nad Labem"]
[Date "2025.01.19"]
[Round "6.4"]
[White "Constantinou, Peter"]
[Black "Cerveny, Martin"]
[WhiteElo "2243"]
[BlackElo "2324"]
[Result "0-1"]
[PlyCount "48"]

1. d4 Nf6 2. c3 d6 3. Bg5 Nbd7 4. Nd2 h6 5. Bh4 c5 6. e3 g6 7. Bd3 Bg7 8. Ngf3
O-O 9. O-O b6 10. a4 a6 11. e4 Nh5 12. Re1 cxd4 13. cxd4 Bb7 14. Ra3 Re8 15.
Bb1 Qc7 16. Ba2 e6 17. Rc3 Qb8 18. b4 b5 19. a5 Rc8 20. Rxc8+ Qxc8 21. Be7 Qb8
22. Qc2 g5 23. h3 Nf4 24. Rc1 Ne2+ 0-1

[Event "1.CLZ 24/25,Lysa nad Labem B-TJ Pankrac"]
[Site "Lysa nad Labem"]
[Date "2025.01.19"]
[Round "6.5"]
[White "Mikes, Jan"]
[Black "Sindler, Michal"]
[WhiteElo "2353"]
[BlackElo "2136"]
[Result "1-0"]
[PlyCount "75"]

1. e4 c5 2. Nf3 d6 3. d4 cxd4 4. Nxd4 Nf6 5. Nc3 Nc6 6. Bg5 e6 7. Qd3 a6 8.
Nxc6 bxc6 9. O-O-O Qa5 10. Qg3 Rb8 11. Bc4 Be7 12. Bd2 Qb6 13. Bb3 O-O 14. e5
dxe5 15. Bh6 Ne8 16. Be3 Qc7 17. h4 Kh8 18. h5 f5 19. h6 g5 20. Bxg5 Rg8 21.
Rh5 Rb4 22. f3 Nf6 23. Bxf6+ Bxf6 24. Qf2 c5 25. Rxf5 exf5 26. Bxg8 Bg5+ 27.
Kb1 Kxg8 28. Qg3 Qe7 29. Nd5 Qd8 30. Qxe5 Qf8 31. Nxb4 cxb4 32. Qg3 Qxh6 33. f4
Qh4 34. Qxg5+ Qxg5 35. fxg5 Be6 36. Rd6 Bc4 37. g3 Kg7 38. Rf6 1-0

[Event "1.CLZ 24/25,Lysa nad Labem B-TJ Pankrac"]
[Site "Lysa nad Labem"]
[Date "2025.01.19"]
[Round "6.6"]
[White "Postupa, Pavel"]
[Black "Spacek, Petr"]
[WhiteElo "2154"]
[BlackElo "2274"]
[Result "0-1"]
[PlyCount "84"]

1. e4 c5 2. Nf3 Nf6 3. Nc3 e6 4. g3 Nc6 5. Bg2 d5 6. exd5 exd5 7. d4 Bg4 8.
dxc5 Bxc5 9. O-O O-O 10. h3 Be6 11. a3 a6 12. b4 Be7 13. Be3 Rc8 14. Ne2 Qd7
15. Nf4 Rfd8 16. Bb6 Re8 17. Re1 Bd6 18. Nxe6 fxe6 19. c4 dxc4 20. Qe2 Nd5 21.
Bc5 b5 22. Bxd6 Qxd6 23. Rad1 Qe7 24. Qc2 Qf6 25. h4 h6 26. Nh2 Ne5 27. Be4
Red8 28. f4 Nd3 29. Bxd3 cxd3 30. Qxd3 Rc3 31. Qd4 Rxg3+ 32. Kh1 Rf8 33. f5
Qxf5 34. Rg1 Rxg1+ 35. Rxg1 Qf6 36. Qe4 Qf5 37. Qd4 Nf6 38. Qa7 Qe4+ 39. Rg2
Nh5 40. Ng4 Qe1+ 41. Kh2 Qxh4+ 42. Kg1 Nf4 0-1